[Event "Ch Bulgaria"]
[Site "masterchessopen.com Sofia (Bulgaria)"]
[Date "1953.11.04"]
[Round "12"]
[White "Daskalov Georgi (BUL)"]
[Black "Minev Nikolay N (USA)"]
[Result "0-1"]
[WhiteElo "2355"]
[BlackElo "2370"]

1.e4 c5 2.Nf3 Nc6 3.d4 cxd4 4.Nxd4 Nf6 5.Nc3 d6 6.Bg5 e6 7.Qd2 a6 8.O-O-O Bd7
9.f4 h6 10.Bh4 Be7 11.Nf3 Bc8 12.g4 g5 13.fxg5 Nxg4 14.Be2 hxg5 15.Bxg5 Nf2
16.Bxe7 Qxe7 17.e5 d5 18.Rhf1 Nxd1 19.Bxd1 Bd7 20.h4 O-O-O 21.Qf4 Rdg8 22.Ng5
Be8 23.Rg1 Qb4 24.Qf6 Qxh4 {#R} 0-1

[Event "It"]
[Site "masterchessopen.com Belgrade (Yugoslavia)"]
[Round "0"]
[White "Karaklajic Nikola (SRB)"]
[Black "Ivkov Borislav (SRB)"]
[Result "0-1"]
[WhiteElo "2303"]
[BlackElo "2416"]

1.e4 c5 2.Nf3 d6 3.d4 cxd4 4.Nxd4 Nf6 5.Nc3 Nc6 6.Bg5 e6 7.Qd2 a6 8.O-O-O Bd7
9.f4 h6 10.Bh4 Nxe4 11.Qe1 Nf6 12.Nf5 Qa5 13.Nxd6+ Bxd6 14.Rxd6 Qc7 15.Qd2 Ne7
16.Bxf6 gxf6 17.Ne4 O-O-O 18.Rd4 Nf5 19.Rc4 Bc6 20.Qf2 Rd4 21.Rxd4 Nxd4 22.Bd3
Bxe4 23.Bxe4 Rd8 24.Rd1 Qxf4+ 25.Rd2 Qxe4 26.c3 Nf5 27.Rxd8+ Kxd8 28.Qb6+ Kd7
{#R} 0-1

[Event "Ch URS"]
[Site "masterchessopen.com Moscow (Russia)"]
[Round "0"]
[White "Sherbakov V (RUS)"]
[Black "Ilivitzki Georgi A (RUS)"]
[Result "0-1"]
[WhiteElo "2432"]
[BlackElo "2380"]

1.e4 c5 2.Nf3 d6 3.d4 cxd4 4.Nxd4 Nf6 5.Nc3 Nc6 6.Bg5 e6 7.Qd2 a6 8.O-O-O Bd7
9.f3 Be7 10.g4 d5 11.exd5 Nxd5 12.Bxe7 Ncxe7 13.Ne4 Qc7 14.c4 b5 15.c5 O-O
16.Kb1 e5 17.Nf5 Bxf5 18.gxf5 Rad8 19.Bd3 Nxf5 20.Qg5 Nd4 21.Nd6 f6 22.Qh4 f5
23.Qh5 Nf4 24.Qg5 Nde6 25.Qg3 Nxc5 26.Rhg1 Ncxd3 {#R} 0-1

[Event "It"]
[Site "masterchessopen.com Hastings (England)"]
[Round "3"]
[White "Persitz Raaphi (SUI)"]
[Black "Ivkov Borislav (SRB)"]
[Result "0-1"]
[WhiteElo "2336"]
[BlackElo "2416"]

1.e4 c5 2.Nf3 Nc6 3.d4 cxd4 4.Nxd4 Nf6 5.Nc3 d6 6.Bg5 e6 7.Qd2 a6 8.O-O-O Bd7
9.f3 Nxd4 10.Qxd4 Be7 11.f4 Bc6 12.Be2 O-O 13.Bf3 Qa5 14.Rhe1 h6 15.Bh4 e5
16.fxe5 dxe5 17.Qc4 Rac8 18.Bxf6 Bxf6 19.Bg4 Bd7 20.Qe2 Rxc3 21.bxc3 Bb5
22.Qf2 Qa3+ 23.Kd2 Rd8+ 24.Ke3 Qxc3+ {#R} 0-1

[Event "Match \"]
[Site "masterchessopen.com Bled (Slovenia)"]
[Round "1"]
[White "Matanovic Aleksandar (SRB)"]
[Black "Darga Klaus (GER)"]
[Result "1-0"]
[WhiteElo "2490"]
[BlackElo "2453"]

1.e4 c5 2.Nf3 d6 3.d4 Nf6 4.Nc3 cxd4 5.Nxd4 Nc6 6.Bg5 e6 7.Qd2 a6 8.O-O-O Bd7
9.f4 h6 10.Bh4 Nxe4 11.Qe1 Nf6 12.Nf5 Qa5 13.Nxd6+ Bxd6 14.Rxd6 O-O-O 15.Rd1
e5 16.Bc4 exf4 17.Ne4 Be6 18.Bxe6+ fxe6 19.Nd6+ Kc7 20.Qxe6 Qe5 21.Rhe1 Qxe6
22.Rxe6 Rhf8 23.Bxf6 Rxf6 24.Ne8+ Rxe8 25.Rxe8 f3 26.gxf3 Rxf3 27.Re6 Rf2
28.Rg6 Rxh2 29.Rxg7+ Kb6 30.a3 Ne5 31.b3 {#r} 1-0

[Event "Ch Poland"]
[Site "masterchessopen.com Warsaw (Poland)"]
[Round "17"]
[White "Branicki Ignacy"]
[Black "Grabczewski Romuald (POL)"]
[Result "1-0"]
[WhiteElo "2200"]
[BlackElo "2275"]

1.e4 c5 2.Nf3 Nc6 3.d4 cxd4 4.Nxd4 Nf6 5.Nc3 d6 6.Bg5 e6 7.Qd2 a6 8.O-O-O Bd7
9.f4 h6 10.Bh4 Nxe4 11.Qe1 Nf6 12.Nf5 Qa5 13.Nxd6+ Bxd6 14.Rxd6 O-O-O 15.Rd2
Ne7 16.Qe5 Nc6 17.Qxa5 Nxa5 18.Bxf6 gxf6 19.Ne4 Bc6 20.Nxf6 Rxd2 21.Kxd2 Rd8+
22.Kc3 Rd1 23.b4 Bb5 24.bxa5 Rxf1 25.Rxf1 Bxf1 26.g4 Be2 27.h4 Kd8 28.Kd4 h5
29.gxh5 Ke7 30.Ke5 Kf8 31.h6 Bf3 {#r} 1-0

[Event "It"]
[Site "masterchessopen.com Sofia (Bulgaria)"]
[Round "0"]
[White "Padevsky Nikola (BUL)"]
[Black "Minev Nikolay N (USA)"]
[Result "0-1"]
[WhiteElo "2355"]
[BlackElo "2370"]

1.e4 c5 2.Nf3 Nc6 3.d4 cxd4 4.Nxd4 Nf6 5.Nc3 d6 6.Bg5 e6 7.Qd2 a6 8.O-O-O Bd7
9.f4 h6 10.Bh4 Rc8 11.Nf3 Qa5 12.Kb1 b5 13.e5 b4 14.exf6 bxc3 15.fxg7 cxd2
16.gxh8=Q Nb4 17.a3 Nxc2 18.Rxd2 Nxa3+ 19.bxa3 e5 20.Qf6 Qxa3 21.Rb2 Be6
22.Bb5+ axb5 23.Nxe5 dxe5 {#R} 0-1

[Event "Match \"]
[Site "masterchessopen.com Kienbaum (Germany)"]
[Date "1958.09.23"]
[Round "4"]
[White "Minev Nikolay N (USA)"]
[Black "Malich Burkhard Dr (GER)"]
[Result "1-0"]
[WhiteElo "2370"]
[BlackElo "2347"]

1.e4 c5 2.Nf3 Nc6 3.d4 cxd4 4.Nxd4 Nf6 5.Nc3 d6 6.Bg5 e6 7.Qd2 a6 8.O-O-O Bd7
9.f4 b5 10.Nxc6 Bxc6 11.Qe1 Qa5 12.a3 h6 13.Bh4 Rc8 14.Bd3 Qc7 15.Bxf6 gxf6
16.Nd5 Qd8 17.g4 h5 18.gxh5 Rxh5 19.Qe2 Rh8 20.Rhf1 Bh6 21.Kb1 Bxd5 22.exd5 e5
23.fxe5 fxe5 24.Rf5 f6 25.Rh5 Qe7 26.Rg1 Kd8 27.Rg6 Qf8 28.Qf2 Bf4 29.Qb6+ Rc7
30.Bf5 {#r} 1-0

[Event "Ch URS"]
[Site "masterchessopen.com Leningrad (Russia)"]
[Round "0"]
[White "Krogius Nikolai V (RUS)"]
[Black "Geller Efim P (RUS)"]
[Result "1-0"]
[WhiteElo "2485"]
[BlackElo "2455"]

1.e4 c5 2.Nf3 Nc6 3.d4 cxd4 4.Nxd4 Nf6 5.Nc3 d6 6.Bg5 e6 7.Qd2 a6 8.O-O-O Bd7
9.f4 b5 10.Bxf6 gxf6 11.Kb1 Qb6 12.Nxc6 Bxc6 13.Bd3 ( 13.Qe1 { ?/= } ) 13...h5
14.Rhf1 O-O-O 15.f5 Bh6 16.Qe1 b4 17.Ne2 e5 18.Nc1 a5 19.Bc4 Rd7 20.Bd5 Bb5
21.Rf3 Rc7 22.Nb3 Kb8 { ? } ( 22...Kd8 23.c4 Bxc4 24.Bxc4 Rxc4 25.Rfd3 Rc6
26.Rd5 a4 27.Na5 { +?? } ) ( 22...a4 { !? } 23.Nc1 Qc5 24.c3 { ? } ) 23.Nxa5 {
! } 23...Rhc8 ( 23...Qxa5 24.Ra3 { ! } 24...Ba4 25.Bb3 Bxb3 26.Rxa5 Bxc2+
27.Ka1 Bxd1 28.Qxb4+ Kc8 29.a3 Rd8 30.Qb5 { +?? } ) 24.Qxb4 Rxc2 25.a3 { ! }
25...Ka7 26.Rb3 Ka6 ( 26...Rc1+ 27.Rxc1 Rxc1+ 28.Ka2 Qg1 29.Nc6+ { +?? } )
27.Bb7+ {#r} 1-0

[Event "Ch URS (team)"]
[Site "masterchessopen.com Leningrad (Russia)"]
[Round "0"]
[White "Zakharov Alexander (RUS)"]
[Black "Tukmakov Vladimir B (UKR)"]
[Result "1-0"]
[WhiteElo "2380"]
[BlackElo "2547"]

1.e4 c5 2.Nf3 d6 3.d4 cxd4 4.Nxd4 Nf6 5.Nc3 Nc6 6.Bg5 e6 7.Qd2 a6 8.O-O-O Bd7
9.f4 b5 10.Bxf6 gxf6 11.f5 Nxd4 12.Qxd4 Bh6+ 13.Kb1 Bf4 14.Be2 Be5 15.Qe3 Qa5
16.Bh5 Ke7 17.Ne2 Rac8 18.Nf4 Qa4 19.Rd2 Rc4 20.fxe6 fxe6 21.Nd3 Bd4 22.Qh6
Rb8 23.c3 Ba7 24.e5 {#r} 1-0

[Event "It \"]
[Site "masterchessopen.com Amsterdam (Netherlands)"]
[Round "8"]
[White "Krabbe Tim (NED)"]
[Black "Bertok Mario (CRO)"]
[Result "0-1"]
[WhiteElo "2274"]
[BlackElo "2282"]

1.e4 c5 2.Nf3 Nc6 3.d4 cxd4 4.Nxd4 Nf6 5.Nc3 d6 6.Bg5 e6 7.Qd2 a6 8.O-O-O Bd7
9.f4 b5 10.Bxf6 gxf6 11.f5 Nxd4 12.Qxd4 Bh6+ 13.Kb1 Bf4 14.g3 Be5 15.Qd3 Qb6
16.Ne2 Rc8 17.Bh3 Ke7 18.Nf4 Rc4 19.Qf3 Qc6 20.fxe6 fxe6 21.Qg4 Rf8 22.Nxe6
Rf7 23.b3 Rxe4 24.Qf3 Bxe6 25.Bxe6 Kxe6 {#R} 0-1

[Event "It"]
[Site "masterchessopen.com Zagreb (Croatia)"]
[Round "11"]
[White "Szabo Laszlo (HUN)"]
[Black "Paoli Enrico (ITA)"]
[Result "1-0"]
[WhiteElo "1903"]
[BlackElo "2300"]

1.Nf3 c5 2.e4 Nc6 3.d4 cxd4 4.Nxd4 Nf6 5.Nc3 d6 6.Bg5 e6 7.Qd2 a6 8.O-O-O Bd7
9.f4 Qc7 10.f5 O-O-O 11.fxe6 fxe6 12.Bc4 Nxd4 13.Qxd4 Be7 14.Bb3 h6 15.Bh4 g5
16.Bg3 Ng4 17.Na4 Bf6 18.Nb6+ Kb8 19.Qxd6 {#r} 1-0

[Event "Ch World (team) (under 26) (final B)"]
[Site "masterchessopen.com Krakow (Poland)"]
[Date "1964.08.02"]
[Round "9"]
[White "Gheorghiu Florin (ROM)"]
[Black "Westerinen Heikki M J (FIN)"]
[Result "1-0"]
[WhiteElo "2383"]
[BlackElo "2340"]

1.e4 c5 2.Nf3 Nc6 3.d4 cxd4 4.Nxd4 Nf6 5.Nc3 d6 6.Bg5 e6 7.Qd2 a6 8.O-O-O Bd7
9.f4 Rc8 10.Nf3 Qa5 11.Kb1 b5 12.e5 b4 13.exf6 bxc3 14.fxg7 Bxg7 15.Qxd6 Rc7
16.Ne5 Bxe5 17.fxe5 Rg8 18.Bf6 Rg4 19.Rd3 cxb2 20.Be2 Rxg2 21.Rg3 Rxg3 22.hxg3
Rb7 23.Bf3 {#r} 1-0

[Event "It (open)"]
[Site "masterchessopen.com Kiel (Germany)"]
[Date "1965.05.16"]
[Round "8"]
[White "Heil Siegfried (GER)"]
[Black "Sawadkuhi Massoud Amir (IRI)"]
[Result "1-0"]
[WhiteElo "2341"]
[BlackElo "2164"]

1.e4 c5 2.Nf3 Nc6 3.d4 cxd4 4.Nxd4 Nf6 5.Nc3 d6 6.Bg5 e6 7.Qd2 a6 8.O-O-O Bd7
9.f4 b5 10.a3 Be7 11.Nf3 b4 12.axb4 Nxb4 13.Bc4 Qa5 14.Kb1 O-O 15.e5 Rfc8
16.Bb3 dxe5 17.Bxf6 Bxf6 18.fxe5 Be7 19.Qxd7 Rxc3 20.bxc3 Nxc2 21.Kxc2 {#r}
1-0

[Event "Zt"]
[Site "masterchessopen.com Halle (Germany)"]
[Round "0"]
[White "Camilleri Henry (MLT)"]
[Black "Minev Nikolay N (USA)"]
[Result "1-0"]
[WhiteElo "2002"]
[BlackElo "2370"]

1.e4 c5 2.Nf3 Nc6 3.d4 cxd4 4.Nxd4 Nf6 5.Nc3 d6 6.Bg5 e6 7.Qd2 a6 8.O-O-O Bd7
9.f4 Rc8 10.Nf3 Qa5 11.Kb1 b5 12.e5 b4 13.exf6 bxc3 14.fxg7 cxd2 15.gxh8=Q Nb4
16.a3 Nxc2 17.Nxd2 Nxa3+ 18.bxa3 e5 19.Nc4 Rxc4 20.Bxc4 Qxa3 21.Rd3 Bf5
22.Bxf7+ Kd7 23.Be6+ Ke8 24.Bxf5 Qb4+ 25.Kc2 {#r} 1-0

[Event "It"]
[Site "masterchessopen.com Belgrade (Yugoslavia)"]
[Round "13"]
[White "Messing Hrvoje (CRO)"]
[Black "Yoffie Marc (USA)"]
[Result "1-0"]
[WhiteElo "2312"]
[BlackElo "2310"]

1.e4 c5 2.Nf3 Nc6 3.d4 cxd4 4.Nxd4 Nf6 5.Nc3 d6 6.Bg5 e6 7.Qd2 a6 8.O-O-O Bd7
9.f4 Qb6 10.Nf3 h6 11.Bh4 Qc7 12.e5 dxe5 13.fxe5 Ng4 14.Ne4 Ngxe5 15.Nxe5 Nxe5
16.Be2 Bc6 17.Qc3 Rc8 18.Rd2 f5 19.Bh5+ Nf7 20.Nf6+ gxf6 21.Qxf6 Rh7 22.Qxe6+
Be7 23.Bxe7 Bd7 24.Qf6 Qc6 25.Bd6 {#r} 1-0

[Event "Zt"]
[Site "masterchessopen.com Sao Paulo (Brazil)"]
[Round "18"]
[White "Silva Fernando (POR)"]
[Black "Panno Oscar (ARG)"]
[Result "0-1"]
[WhiteElo "2295"]
[BlackElo "2570"]

1.e4 c5 2.Nf3 Nc6 3.d4 cxd4 4.Nxd4 Nf6 5.Nc3 d6 6.Bg5 e6 7.Qd2 a6 8.O-O-O Bd7
9.Qe1 Qa5 10.f4 Be7 11.Nf3 b5 12.Nd2 Rc8 13.Nb3 Qc7 14.Rd2 h6 15.Bh4 b4 16.Nd1
Nxe4 17.Qxe4 Bxh4 18.Bxa6 Ra8 19.Bb5 O-O 20.Bxc6 Bxc6 21.Qxb4 Rxa2 22.Qxd6 Qa7
23.Nc3 Ra6 24.Qc5 Qa8 25.Rf1 Bf6 26.Rd3 Rc8 27.Qf2 Bxg2 28.Rg1 Be4 29.Nxe4
Qxe4 30.Qf3 Qa4 {#R} 0-1

[Event "Ch Sweden"]
[Site "masterchessopen.com Sweden"]
[Round "0"]
[White "Olsson Ake (SWE)"]
[Black "Sperber Goran"]
[Result "1-0"]
[WhiteElo "2385"]
[BlackElo "2200"]

1.e4 c5 2.Nf3 d6 3.d4 cxd4 4.Nxd4 Nf6 5.Nc3 Nc6 6.Bg5 e6 7.Qd2 a6 8.O-O-O Bd7
9.f4 b5 10.a3 Rc8 11.Be2 Qb6 12.Nb3 b4 13.axb4 Nxb4 14.Qd4 Qxd4 15.Rxd4 Rb8
16.e5 Nfd5 17.exd6 Bxd6 18.Ne4 Bxf4+ 19.Bxf4 Nxf4 20.Nd6+ Ke7 21.Rxf4 Kxd6
22.Rxf7 Ba4 23.Rd1+ Nd5 24.Na5 Kc5 25.b3 Be8 26.Rxg7 Ne3 27.Rg5+ Nf5 28.Re1
Kb4 29.Nc4 Nd4 30.Nb2 Nf5 31.Bd3 {#r} 1-0

[Event "?"]
[Site "masterchessopen.com Czechoslovakia"]
[Round "0"]
[White "Hennings Artur (GER)"]
[Black "Neckar Lubomir (CZE)"]
[Result "1-0"]
[WhiteElo "2435"]
[BlackElo "2367"]

1.e4 c5 2.Nf3 d6 3.d4 cxd4 4.Nxd4 Nf6 5.Nc3 Nc6 6.Bg5 Bd7 7.Qd2 a6 8.O-O-O e6
9.f4 h6 10.Bh4 Nxe4 11.Qe1 Nf6 12.Nf5 Qa5 13.Nxd6+ Bxd6 14.Rxd6 Nb4 15.Qe5
Nxa2+ 16.Nxa2 Qxa2 17.Bxf6 gxf6 18.Qxf6 Rg8 19.f5 Rc8 20.Be2 Qa4 21.c4 Rxg2
22.Rd4 Qa1+ 23.Kc2 Rxe2+ 24.Kd3 Rd2+ 25.Kxd2 Qxb2+ 26.Ke3 Qc3+ 27.Kf4 e5+
28.Qxe5+ Kf8 29.Qh8+ Ke7 30.Rxd7+ {#r} 1-0

[Event "Ch Poland"]
[Site "masterchessopen.com Gdynia (Poland)"]
[Round "13"]
[White "Pioch Zygmunt (POL)"]
[Black "Pietrusiak Bogdan (SWE)"]
[Result "1-0"]
[WhiteElo "2123"]
[BlackElo "2165"]

1.e4 c5 2.Nf3 Nc6 3.d4 cxd4 4.Nxd4 Nf6 5.Nc3 d6 6.Bg5 e6 7.Qd2 a6 8.O-O-O Bd7
9.f4 b5 10.Nf3 b4 11.Bxf6 gxf6 12.Ne2 Qa5 13.Kb1 Be7 14.f5 Ne5 15.Nf4 exf5
16.exf5 Bxf5 17.Nd5 Rc8 18.Nxe7 Nxf3 19.gxf3 Bxc2+ 20.Ka1 Rc5 21.Nc6 Rxc6
22.Re1+ Kd8 23.Bh3 Kc7 24.Re7+ Kb6 25.Bd7 Rc7 26.Qxd6+ Kb7 27.Bc6+ Kb8 28.Rhe1
Rc8 29.Re8 Ka7 30.Rxc8 Rxc8 31.Re7+ {#r} 1-0

[Event "It (b)"]
[Site "masterchessopen.com Nethanya (Israel)"]
[Round "5"]
[White "Malachi Avraham (ISR)"]
[Black "Agur Elieser (ISR)"]
[Result "0-1"]
[WhiteElo "2124"]
[BlackElo "2285"]

1.e4 c5 2.Nf3 Nc6 3.d4 cxd4 4.Nxd4 Nf6 5.Nc3 d6 6.Bg5 e6 7.Qd2 a6 8.O-O-O Bd7
9.f4 h6 10.Bh4 Rc8 11.f5 Nxd4 12.Qxd4 Qa5 13.fxe6 Bxe6 14.Bxf6 gxf6 15.a3 Qe5
16.Nd5 Bg7 17.Qb4 Rc5 18.Qxb7 O-O 19.Bd3 Kh8 20.g4 Bxg4 21.Rdf1 f5 22.exf5
Rxd5 23.f6 Bxf6 24.Rxf6 Qg5+ 25.Kb1 Rxd3 26.Qe7 Kg7 27.cxd3 Qxf6 28.Qb7 Qd4
{#R} 0-1

[Event "Ch Romania"]
[Site "masterchessopen.com Bucharest (Romania)"]
[Round "5"]
[White "Buza Adrian (ROM)"]
[Black "Voiculescu Paul (ROM)"]
[Result "1-0"]
[WhiteElo "2241"]
[BlackElo "2282"]

1.e4 c5 2.Nf3 Nc6 3.d4 cxd4 4.Nxd4 Nf6 5.Nc3 d6 6.Bg5 e6 7.Qd2 a6 8.O-O-O Bd7
9.Be2 Qb6 10.Be3 Qc7 11.f4 Be7 12.g4 Nxd4 13.Bxd4 Bc6 14.Qe3 O-O 15.f5 e5
16.Bb6 Qb8 17.g5 Nd7 18.f6 gxf6 19.gxf6 Bxf6 20.Rdf1 Nxb6 21.Rxf6 Qd8 22.Rh6
Bd7 23.Rxd6 Nc8 24.Rxd7 Qxd7 25.Qg5+ {#r} 1-0

[Event "It"]
[Site "masterchessopen.com Olot (Spain)"]
[Round "6"]
[White "Iskov Gert (DEN)"]
[Black "Ghitescu Theodor (ROM)"]
[Result "0-1"]
[WhiteElo "2420"]
[BlackElo "2440"]

1.e4 c5 2.Nf3 d6 3.d4 cxd4 4.Nxd4 Nf6 5.Nc3 a6 6.Bg5 Nc6 7.Qd2 Bd7 8.O-O-O e6
9.f4 b5 10.Bxb5 axb5 11.Ndxb5 Nb4 12.a3 Bxb5 13.Nxb5 d5 14.e5 Qb6 15.exf6 Qxb5
16.Qd4 g6 17.axb4 Bxb4 18.c3 Bc5 19.Qe5 Ra2 20.c4 Qxc4+ 21.Kd2 Bb4+ 22.Ke3
Qb3+ 23.Rd3 Bc5+ 24.Ke2 Qxb2+ 25.Rd2 Qb5+ {#R} 0-1

[Event "It"]
[Site "masterchessopen.com Birmingham (England)"]
[Round "3"]
[White "Ball Jol D L (ENG)"]
[Black "Matera Salvatore (J/U)"]
[Result "0-1"]
[WhiteElo "2230"]
[BlackElo "2425"]

1.Nc3 c5 2.Nf3 Nc6 3.e4 d6 4.d4 cxd4 5.Nxd4 Nf6 6.Bg5 e6 7.Qd2 a6 8.O-O-O Bd7
9.Be2 b5 10.Bxb5 axb5 11.Ndxb5 Nb4 12.Bxf6 gxf6 13.Nxd6+ Bxd6 14.Qxd6 Nxa2+
15.Nxa2 Rxa2 16.Kb1 Ra7 17.b3 Rg8 18.Kb2 Qc7 19.Qxc7 Rxc7 20.g3 Bc6 21.Rhe1
Ke7 22.c4 Rb8 23.Kc3 Ra7 24.Rd2 Ra3 25.Rb2 Kd6 26.Re3 Kc5 27.e5 Ba4 28.Kc2
Raxb3 {#R} 0-1

[Event "Ch Argentina"]
[Site "masterchessopen.com Buenos Aires (Argentina)"]
[Round "15"]
[White "Barea Luis (ARG)"]
[Black "Paglilla Carlos (ARG)"]
[Result "0-1"]
[WhiteElo "2245"]
[BlackElo "2326"]

1.e4 c5 2.Nf3 d6 3.d4 cxd4 4.Nxd4 Nf6 5.Nc3 a6 6.Bg5 Nc6 7.Qd2 e6 8.O-O-O Bd7
9.f3 b5 10.Bxb5 axb5 11.Ndxb5 Nb4 12.Bxf6 gxf6 13.Nxd6+ Bxd6 14.Qxd6 Nxa2+
15.Nxa2 Rxa2 16.Kb1 Ra7 17.Rd3 Qa8 18.Ra3 Rxa3 19.bxa3 Rg8 20.Rd1 Qc6 21.Qb8+
Qc8 22.Qb3 Rxg2 23.Rd4 Kf8 24.Rc4 Qa6 25.a4 Qd6 26.Qc3 Rg1+ 27.Ka2 e5 28.Rb4
Qd1 29.Rb8+ Kg7 30.a5 Be6+ 31.Ka3 Qa1+ {#R} 0-1

[Event "Ch URS (qual)"]
[Site "masterchessopen.com Cheliabinsk (Russia)"]
[Round "0"]
[White "Faibisovich Vadim Z (RUS)"]
[Black "Lukin Andrei M (RUS)"]
[Result "1-0"]
[WhiteElo "2390"]
[BlackElo "2407"]

1.e4 c5 2.Nf3 d6 3.d4 cxd4 4.Nxd4 Nf6 5.Nc3 Nc6 6.Bg5 e6 7.Qd2 a6 8.O-O-O Bd7
9.Nxc6 Bxc6 10.f3 b5 11.Bf4 Qb6 12.g4 h6 13.Bd3 Nd7 14.Rhe1 Ne5 15.Nd5 exd5
16.exd5 Bb7 17.Bxe5 dxe5 18.Rxe5+ Kd8 19.d6 Bxd6 20.Be4 Bxe4 21.fxe4 Kc7
22.Rd5 Rad8 23.Qc3+ Qc6 24.Qxg7 Bf4+ 25.Kb1 Bg5 26.Qxf7+ Kb8 27.a4 bxa4
28.R1d4 a3 29.Rb4+ Ka8 30.Rc5 Rd7 31.Qc4 {#r} 1-0

[Event "It"]
[Site "masterchessopen.com Cienfuegos (Cuba)"]
[Round "11"]
[White "Triana Justo (CUB)"]
[Black "Diaz Joaquin C (CUB)"]
[Result "0-1"]
[WhiteElo "2209"]
[BlackElo "2327"]

1.e4 c5 2.Nf3 d6 3.d4 cxd4 4.Nxd4 Nf6 5.Nc3 Nc6 6.Bg5 e6 7.Qd2 a6 8.O-O-O Bd7
9.f4 h6 10.Bh4 Rc8 11.Nf3 Qa5 12.Kb1 b5 13.Bxf6 gxf6 14.Bd3 Nb4 15.Nd4 Nxd3
16.Qxd3 Rg8 17.g3 Qc7 18.f5 b4 19.fxe6 fxe6 20.Nd5 exd5 21.exd5 Kf7 22.Rhf1
Rg6 23.Rf4 Qc4 24.Qf3 Rc5 25.Nb3 Qxc2+ 26.Ka1 Rc4 27.Rxc4 Qxc4 28.Rc1 Qg4
29.Qe3 Rg5 {#R} 0-1

[Event "?"]
[Site "masterchessopen.com Portimao (Portugal)"]
[Round "0"]
[White "Evans Larry M (USA)"]
[Black "Weinstein Norman (USA)"]
[Result "1-0"]
[WhiteElo "2470"]
[BlackElo "2465"]

1.e4 c5 2.Nf3 d6 3.d4 cxd4 4.Nxd4 Nf6 5.Nc3 Nc6 6.Bg5 e6 7.Qd2 a6 8.O-O-O Bd7
9.f4 b5 10.a3 Be7 11.Nf3 b4 12.axb4 Nxb4 13.Bc4 Qc8 14.b3 Qc5 15.e5 d5 16.exf6
gxf6 17.Ne4 Qa5 18.Nxf6+ Kd8 19.Qd4 Nc6 20.Qe3 Kc8 21.Nxd7 Bb4 22.Nb6+ Kc7
23.Bf6 d4 24.Nxa8+ Rxa8 25.Bxd4 Nxd4 26.Qxd4 {#r} 1-0

[Event "?"]
[Site "masterchessopen.com Vrnjacka Banja (Serbia)"]
[Round "0"]
[White "Gipslis Aivars (LAT)"]
[Black "Martinovic Slobodan (SRB)"]
[Result "1-0"]
[WhiteElo "2429"]
[BlackElo "2436"]

1.e4 c5 2.Nf3 Nc6 3.d4 cxd4 4.Nxd4 Nf6 5.Nc3 d6 6.Bg5 e6 7.Qd2 a6 8.O-O-O Bd7
9.f3 Nxd4 10.Qxd4 Be7 11.h4 b5 12.g4 Bc6 13.Be3 O-O 14.g5 Nd7 15.Qd2 Ne5 16.f4
Nc4 17.Bxc4 bxc4 18.h5 Qa5 19.h6 g6 20.Qd4 e5 21.Qxc4 Rac8 22.Nd5 Bd8 23.Rh2
Bd7 24.Qb3 Ba4 25.Qa3 Rc4 26.Qxd6 {#r} 1-0

[Event "?"]
[Site "masterchessopen.com Leghorn (Italy)"]
[Round "0"]
[White "Radulov Ivan (BUL)"]
[Black "Mititelu Gheorghe (ROM)"]
[Result "1-0"]
[WhiteElo "2306"]
[BlackElo "2300"]

1.e4 c5 2.Nf3 Nc6 3.d4 cxd4 4.Nxd4 Nf6 5.Nc3 d6 6.Bg5 e6 7.Qd2 a6 8.O-O-O Bd7
9.f4 b5 10.Nxc6 Bxc6 11.Qe3 Be7 12.Bxf6 gxf6 13.f5 Qa5 14.Kb1 b4 15.Ne2 e5
16.Ng3 d5 17.Be2 O-O-O 18.exd5 Bxd5 19.Rxd5 Rxd5 20.Qa7 Bd6 21.Qa8+ Bb8
22.Qc6+ Bc7 23.Bxa6+ Kd8 24.Qxf6+ Kd7 25.Bb7 b3 26.axb3 {#r} 1-0

[Event "It (open) \"]
[Site "masterchessopen.com Oslo (Norway)"]
[Round "6"]
[White "Knudsen Ole Scott (NOR)"]
[Black "Ornstein Axel (SWE)"]
[Result "0-1"]
[WhiteElo "2230"]
[BlackElo "2413"]

1.e4 c5 2.Nf3 d6 3.d4 cxd4 4.Nxd4 Nf6 5.Nc3 a6 6.Bg5 Nc6 7.Qd2 e6 8.O-O-O Bd7
9.f4 h6 10.Bxf6 Qxf6 11.e5 dxe5 12.Ndb5 Qd8 13.Nd6+ Bxd6 14.Qxd6 exf4 15.Ne4
Ne7 16.Nc5 Bc6 17.Qxf4 Nd5 18.Qc4 O-O 19.Re1 Rc8 20.Qb3 Qa5 21.Nd3 Ba4 {#R}
0-1

[Event "It"]
[Site "masterchessopen.com Cirella di Diamante (Italy)"]
[Round "0"]
[White "Jansa Vlastimil (CZE)"]
[Black "Giustolisi Alberto (ITA)"]
[Result "1-0"]
[WhiteElo "2490"]
[BlackElo "2270"]

1.e4 c5 2.Nf3 Nc6 3.d4 cxd4 4.Nxd4 Nf6 5.Nc3 d6 6.Bg5 e6 7.Qd2 a6 8.O-O-O Bd7
9.f4 h6 10.Bh4 Nxe4 11.Qe1 Nf6 12.Nf5 Qa5 13.Nxd6+ Bxd6 14.Rxd6 Nb4 15.a3 Nbd5
16.Qe5 Rg8 17.Bc4 Qc5 18.Nxd5 Nxd5 19.Bxd5 f6 20.Rxe6+ {#r} 1-0

[Event "Ch URS (1 liga)"]
[Site "masterchessopen.com Baku (Azerbaijan)"]
[Round "6"]
[White "Petrushin Alexander I (RUS)"]
[Black "Tukmakov Vladimir B (UKR)"]
[Result "0-1"]
[WhiteElo "2345"]
[BlackElo "2540"]

1.e4 c5 2.Nf3 Nc6 3.d4 cxd4 4.Nxd4 Nf6 5.Nc3 d6 6.Bg5 e6 7.Qd2 a6 8.O-O-O Bd7
9.f4 b5 10.Bxf6 gxf6 11.Kb1 Qb6 12.Nce2 Rc8 13.f5 Nxd4 14.Nxd4 e5 15.Ne2 b4
16.Ng3 h5 17.h4 Ke7 18.Be2 Bh6 19.Qd5 Rc5 20.Qb3 Rhc8 21.Bd3 Qa5 22.a3 Rb8
23.Bc4 Qc7 24.Bd3 bxa3 25.Qxa3 Ra5 {#R} 0-1

[Event "It (cat.9)"]
[Site "masterchessopen.com Decin (Czech Republic)"]
[Round "0"]
[White "Jansa Vlastimil (CZE)"]
[Black "Tukmakov Vladimir B (UKR)"]
[Result "0-1"]
[WhiteElo "2450"]
[BlackElo "2540"]

1.e4 c5 2.Nf3 Nc6 3.d4 cxd4 4.Nxd4 Nf6 5.Nc3 d6 6.Bg5 e6 7.Qd2 a6 8.O-O-O Bd7
9.f4 b5 10.Bxf6 gxf6 11.Nxc6 Bxc6 12.Bd3 Qb6 13.f5 b4 14.Ne2 e5 15.Ng3 h5
16.Qe2 h4 17.Nf1 a5 18.Kb1 Bh6 19.Nd2 Ke7 20.Rhe1 Bf4 21.Nf1 a4 22.Bc4 Qc5
23.b3 Ra5 24.Qf3 axb3 25.Bxb3 Rha8 26.Qd3 Ba4 27.Ne3 Bxe3 28.Qxe3 Bxb3 29.Qxb3
Rxa2 30.Kc1 Qc3 {#R} 0-1

[Event "It"]
[Site "masterchessopen.com Eksjo (Sweden)"]
[Round "8"]
[White "Paoli Enrico (ITA)"]
[Black "Andersson Goran (SWE)"]
[Result "1-0"]
[WhiteElo "2300"]
[BlackElo "2154"]

1.e4 c5 2.Nf3 d6 3.d4 cxd4 4.Nxd4 Nf6 5.Nc3 a6 6.Bg5 e6 7.Qd2 Nc6 8.O-O-O Bd7
9.f4 b5 10.Re1 Be7 11.Nf3 b4 12.Nd1 Qb6 13.Bd3 a5 14.Ne3 Qc5 15.Kb1 a4 16.e5
dxe5 17.fxe5 Nd5 18.Nxd5 exd5 19.Bxe7 Qxe7 20.Ng5 h6 21.e6 Bxe6 22.Nxe6 fxe6
23.Bf5 O-O {#r} 1-0

[Event "?"]
[Site "masterchessopen.com Italy"]
[Round "0"]
[White "Jansa Vlastimil (CZE)"]
[Black "Giustolisi Alberto (ITA)"]
[Result "1-0"]
[WhiteElo "2450"]
[BlackElo "2270"]

1.e4 c5 2.Nf3 Nc6 3.d4 cxd4 4.Nxd4 Nf6 5.Nc3 d6 6.Bg5 e6 7.Qd2 a6 8.O-O-O Bd7
9.f4 h6 10.Bh4 Nxe4 11.Qe1 Nf6 12.Nf5 Qa5 13.Nxd6+ Bxd6 14.Rxd6 Nb4 15.a3 Nbd5
16.Qe5 Rg8 17.Bc4 Qc5 18.Nxd5 Nxd5 19.Bxd5 {#r} 1-0